LEADER 00872cam0-22003011i-450- 001 990000086430403321 005 20061218124851.0 035 $a000008643 035 $aFED01000008643 035 $a(Aleph)000008643FED01 035 $a000008643 100 $a20020821d1875----km-y0itay50------ba 101 0 $afre 102 $aFR 105 $aa-------001yy 200 1 $aDes forces physico-chimiques et de leur intervention dans la production des phénomènes naturels$fpar M. Becquerel 210 $aParis$cFirmin Didot$d1875 215 $a2 v. (XII, 648 p.)$cill.$d38 cm 676 $a530 676 $a580 700 1$aBecquerel,$bAntoine-César$f<1788-1878> 801 0$aIT$bUNINA$gRICA$2UNIMARC 901 $aBK 912 $a990000086430403321 952 $a13 AR 19 E 10$b4593$fFINBC 952 $a13 AR 19 E 67$b4698$fFINBC 959 $aFINBC 997 $aUNINA LEADER 01319nas 2200421- 450 001 996359649003316 005 20230127213019.0 035 $a(DE-599)ZDB3040418-6 035 $a(OCoLC)1242434310 035 $a(CKB)4100000011435084 035 $a(CONSER)--2022230903 035 $a(EXLCZ)994100000011435084 100 $a20210309a19979999 s-- - 101 0 $aspa 135 $aur|n||||||||| 181 $ctxt$2rdacontent 182 $cc$2rdamedia 183 $acr$2rdacarrier 200 00$aEvidencia $eactualización en la práctica ambulatoria 210 1$aBuenos Aires (C1182ADK), Argentina :$cFundación MF 215 $a1 online resource 311 $a1667-5703 517 1 $aEvidencia en atención primaria 606 $aAmbulatory medical care$vPeriodicals 606 $aTraitement ambulatoire$vPériodiques 606 $aAmbulatory medical care$2fast$3(OCoLC)fst00806815 608 $aPeriodicals.$2fast 608 $aZeitschrift.$2gnd-content 615 0$aAmbulatory medical care 615 6$aTraitement ambulatoire 615 7$aAmbulatory medical care. 676 $a610 676 $a362.1205 712 02$aInstituto Universitario del Hospital Italiano de Buenos Aires, 906 $aJOURNAL 912 $a996359649003316 996 $aEvidência$92248440 997 $aUNISA